000 00609nam a2200181 a 4500
001 000032766
005 20240412074256.0
008 110726s1940 dr 000 p spa d
040 _aDO-SdBNP
_bspa
_cBNPHU
082 _aRD861.4
_bI37p
100 1 _aIncháustegui Cabral, Héctor,
_d1912-1979
_921024
245 1 0 _aPoemas de una sola angustia /
_cHéctor Incháustegui Cabral.
260 _aCiudad Trujillo, República Dominicana :
_bLa Unión,
_c1940.
300 _a92 p. ;
_c19 cm.
650 0 _aPoesía dominicana
_966
650 0 _aLiteratura dominicana.
_967
910 _aValidado. Control de calidad BNPHU
999 _c32257
_d32257